000 00312nam a22001337a 4500
008 170706b xxu||||| |||| 00| 0 eng d
020 _a0888590531
041 _aeng
080 _a821.18
100 _a22
101 _aGJL
245 _aRECENT PERSPECTIVES ON AMERICAN SIGN LANGUAGE
_cLANE, H
942 _2udc
_cBK
999 _c19969
_d19969